000 00783nam a2200253Ia 4500
003 OSt
005 20220930071837.0
006 a|||||r|||| 00| 0
007 ta
008 220926b |||||||| |||| 00| 0 hin d
024 _a18297
037 _cTheses
040 _aCRL
_cCRL
_bhin
041 _2hin
_ahin
100 _aArora Chandra Kumari
_9529094
110 _aUniversity of Delhi. Faculty of Arts. Department of Hindi
245 0 _aSwatantrauttar hindi upanayson mein nagar jeevan
260 _c1980
650 _aHINDI LITERATURE
_923866
700 _a Dr. Kamal Kishore Goenka Gu.
_9529095
700 _aUniversity of Delhi. Faculty of Arts. Department of Hindi
942 _cDIS
_2CC
999 _c862943
_d862943